Aseismic design and testing of nuclear facilities : recommendations of a panel on Aseismic Design and Testing of Nuclear Facilities held in Tokyo, Japan 12-16 June 1967

Αποθηκεύτηκε σε:
Λεπτομέρειες βιβλιογραφικής εγγραφής
Συγγραφή απο Οργανισμό/Αρχή: Panel on Aseismic Desing and Testing of Nuclear Facilities Tokyo
Μορφή: Πρακτικό Συνεδρίου Βιβλίο
Γλώσσα:English
Έκδοση: Vienna : International Atomic Energy Agency, 1968.
Σειρά:Technical reports series
Θέματα:
Ετικέτες: Προσθήκη ετικέτας
Δεν υπάρχουν, Καταχωρήστε ετικέτα πρώτοι!

MARC

LEADER 00000nam a2200000Ia 4500
003 001997
005 20221231143957.0
008 140114s1968 au a 000 ||eng d
040 |c cru CEDI 
082 |a  621.48 P191a 
111 |9 21094  |a Panel on Aseismic Desing and Testing of Nuclear Facilities   |c  Tokyo   |d 12-16 June 1967 
245 |a Aseismic design and testing of nuclear facilities : recommendations of a panel on Aseismic Design and Testing of Nuclear Facilities held in Tokyo, Japan 12-16 June 1967 
260 |a Vienna : International Atomic Energy Agency,   |c 1968. 
300 |a 49 páginas : ilustraciones ; 24 cm.-- 
440 |a Technical reports series  |n No. 88  |9 21095 
650 |x CONSTRUCCIONES ANTISISMICAS  |9 21096 
942 |2 ddc  |c BK 
999 |c 15086  |d 15086